000 00913cam a22002775i 4500
001 1695867
003 EG-ScBUE
005 20260312102911.0
008 711124t1964 nju f b 001 0 eng d
040 _aEG-ScBUE
_beng
_erda
_cEG-ScBUE
_dEG-ScBUE
082 0 4 _a572
_222
_bWOL
100 1 _aWolf, Eric R.,
_d1923-1999,
_910637
_eauthor.
245 1 0 _aAnthropology /
_cEric R. Wolf, professor of anthropology, University of Michigan.
264 1 _aEnglewood Cliffs, New Jersey :
_bPrentice-Hall, INC.,
_c[1964]
264 4 _cc1964
300 _axiii, 113 pages ;
_c22 cm.
336 _2rdacontent
_atext
_btxt
337 _aunmediated
_2rdamedia
_bn
338 _avolume
_bnc
_2rdacarrier
490 0 _aHumanistic scholarship in America
504 _aIncludes bibliographical references and index.
650 7 _aAnthropology.
_2BUEsh
653 _bGGEN
_cJanuary2018
655 _vReading book
942 _2ddc
_cBB
999 _c25998
_d25970